| 000 | 00625nam a2200217Ia 4500 | ||
|---|---|---|---|
| 008 | 140527s9999 xx 000 0 und d | ||
| 020 | _a9780071743853 | ||
| 050 |
_aHD 62.15 _b.Sh475 2012 |
||
| 100 | _aShaffie, Sheila. | ||
| 245 |
_aLean six sigma / _cSheila Shaffie, Shahbaz Shahbazi |
||
| 260 |
_aNew York : _bMcGraw-Hill, _cc2012. |
||
| 300 |
_a232 p. : _bill. ; _c23 cm. |
||
| 440 | _a(The McGraw-Hill 36-hour course). | ||
| 500 | _aIncludes index. | ||
| 521 | _aBSBA | ||
| 650 | _aManagement. | ||
| 650 | _aOrganizational effectiveness. | ||
| 650 | _aQuality control. | ||
| 942 |
_kFOR _cBK |
||
| 999 |
_c117458 _d117458 |
||